| 000 | 00665cam a2200181 4500 | ||
|---|---|---|---|
| 001 | WB3711-32 | ||
| 008 | 000000n2001 000 0 eng u | ||
| 035 | _a(Sirsi) u111446 | ||
| 245 | _aOccupational hazards | ||
| 260 | _c2001 | ||
| 490 |
_aEstates Gazette _v(0110) 10 March 2001, 154(1) |
||
| 520 | _aDiscusses "Darby v National Trust" a CA case, which held that an occupier does not need to warn visitors against dangers that are obvious and that failure to warn against one danger does not create liability for another. | ||
| 590 | _aWB | ||
| 650 | _aDARBY V NATIONAL TRUST | ||
| 650 | _aOCCUPIERS LIABILITY ACT 1984 | ||
| 690 | _aPROPERTY | ||
| 942 | _n0 | ||
| 999 |
_c66403 _d66403 |
||